Primary and secondary precepts in Thomistic natural law teaching /

Bibliographic Details
Main Author: Armstrong, Ross A.
Format: Book
Language:English
Published: The Hague : Martinus Nijhoff, 1966.
Subjects:

MARC

Tag First Indicator Second Indicator Subfields
LEADER 00000cam a2200000 4500
001 in00000039203
005 20151007081555.0
008 680301s1966 ne b 00010 eng
010 |a  68070384  
015 |a Ne66-21 
035 |a (OCoLC)02616586 
035 |9 AAF6589AM 
040 |a DLC  |c DLC  |d TXA  |d UtOrBLW 
049 |a TXAM  |c [475400] 
082 0 |a 241/.2 
090 |a K468  |b .A76 1966 
092 |a 241.2  |b A737p 
100 1 |a Armstrong, Ross A. 
245 1 0 |a Primary and secondary precepts in Thomistic natural law teaching /  |c [by] R. A. Armstrong. 
264 1 |a The Hague :  |b Martinus Nijhoff,  |c 1966. 
300 |a xviii, 198 pages ;  |c 24 cm. 
336 |a text  |b txt  |2 rdacontent 
337 |a unmediated  |b n  |2 rdamedia 
338 |a volume  |b nc  |2 rdacarrier 
504 |a Bibliography: pages [186]-193. 
600 0 0 |a Thomas,  |c Aquinas, Saint,  |d 1225?-1274. 
650 0 |a Natural law. 
999 |a MARS 
999 f f |s 258825e9-b0cf-3642-b68b-169b1e03a3dc  |i 041f38d1-a5a3-343a-832a-ae3a87b26691  |t 0 
952 f f |p ric  |a Texas A&M University  |b Rellis Campus  |c Joint Library Facility  |d Remote Storage  |t 0  |e K468 .A76 1966  |h Library of Congress classification  |i unmediated -- volume  |m A14800609770 
998 f f |a K468 .A76 1966  |t 0  |l Remote Storage